| 000 | 00774nam a2200181 i 4500 | ||
|---|---|---|---|
| 001 | 46729 | ||
| 003 | ES-MaACL | ||
| 005 | 20230906161434.0 | ||
| 007 | t| | ||
| 008 | 030331s1978 sp ||||1| spa d | ||
| 111 | 2 |
_aCongreso Luso-Español para el Progreso de las Ciencias ( _n32º. _f1977 ( _cLeón) _9141892 |
|
| 245 | 1 | 0 |
_aLeón medieval _b: doce estudios : Ponencias y comunicaciones... / _cXXXII Congreso de la Asociación Luso-Española para el Progreso de las Ciencias. |
| 260 |
_aLéon : _bColegio Universitario, _c1978. |
||
| 300 |
_a241 p., 3 lám. : _b6 map. ; _c22 cm. |
||
| 651 | 4 |
_aLeón (Reino)- _xHistoria. _98916 |
|
| 710 | 2 |
_aAsociación Luso-Española para el Progreso de las Ciencias. _bCongreso ( _n32º. _d1977. _cLeón) _9315 |
|
| 852 | 4 |
_aES-MaACL _jA-9734 |
|
| 999 |
_c46729 _d46729 |
||